Apa kata Islam mengenai wanita berpolitik /

Bibliographic Details
Main Author: Shayuthy Abdul Manas
Format: Book
Published: Selangor: PTS Islamika, 2010.
Subjects:
LEADER 00510cam a2200181 7i4500
001 0000025100
005 20151104090000.0
005 ##20151104131000.0
003 ##MY-KlINT
020 # # |a 9789675137136  
039 # 9 |y 201511041310  |z VLOAD 
090 0 0 |a E 297.082   |b SHA 
100 1 # |a Shayuthy Abdul Manas 
245 1 0 |a Apa kata Islam mengenai wanita berpolitik /   |c Shayuthy Abdul Manas. 
260 # # |a Selangor:   |b PTS Islamika,   |c 2010. 
300 # # |a xvi,110ms:   |b il;   |c 23cm. 
650 # 0 |a Women in Islam  
650 # 0 |a Women in politics